01014cam a22003734i 4500003000900000005001700009008004100026035001800067040003300085082001900118100003500137245007900172264005500251300002800306336002100334337002500355338002300380490004200403505003000445526001000475526001000485526001000495526001000505526000800515526000800523526000800531526000800539526000800547526000800555526000800563630003700571650000500608700002700613PE-LiUPU20250731173453.0150616s r 000 0 d a(Sirsi) a6517 aPE-LiUPUbspacPE-LiUPUerda04a220.7bICC2211 aDriver, Samuel Rolles,eautor.10aJob :ba critical and Exegetical Commentary..n18 /cSamuel Rolles Driver. 1aEdinburgh, Gran Bretaña :bT. & T. Clark,c1986. a360 páginas ;c21 cm. atext2rdacontent aunmediated2rdamedia avolume2rdacarrier0 aThe International Critical Commentary0 aEstudio del libro de Job. aSEG42 aSEG41 aSEG40 aSEG39 aP94 aP87 aP86 aP85 aP77 aP76 aP35 aBiblia.pA.T.pJobxComentarios.04a1 aBuchanan Gray, George.